| 000 | 00952nam a22002057a 4500 | ||
|---|---|---|---|
| 003 | OSt | ||
| 005 | 20160620110318.0 | ||
| 008 | 150408b xxu||||| |||| 00| 0 eng d | ||
| 040 | _cBMC | ||
| 082 | _a657 | ||
| 100 | 1 |
_935743 _aLobos, Silvia Guadalupe |
|
| 245 | 1 | 0 |
_aPasantía de auditor tributario de la dirección general de impuestos internos, Oficina Regional de Occidente, Ministerio de Hacienda, Santa Ana _b: Informe final _cSilvia Guadalupe Lobos |
| 260 |
_aSanta Ana (El Salvador) _bUniversidad Católica de Occidente _c2007 |
||
| 300 |
_a1 v. (pág. var.) _c28 cm _e+ 1 disco compacto |
||
| 500 | _aPrecede al tít.: Universidad Católica de Occidente, Facultad de Ciencias Económicas | ||
| 502 | _aTrabajo de graduación para optar al grado académico de Licenciatura en Contaduría Pública | ||
| 650 | 2 | 4 |
_9877 _aContabilidad |
| 710 | 2 |
_91067 _aUniversidad Católica de El Salvador _bFacultad de Ciencias Empresariales |
|
| 942 |
_2ddc _cTG |
||
| 999 |
_c22078 _d22078 |
||